000
00292nam a2200097Ia 4500
082
_a
649.10248 MURK
245
0
_a
The what to expect babysitter and nanny handbook
100
_a
MURKOFF, Heidi Eisenberg London, 2004
_9
93294
942
_c
BK
008
210817s9999 xx 000 0 und d
999
_c
381165
_d
381164